Public policy in central and eastern Europe theories, methods, practices

Salvato in:
Dettagli Bibliografici
Altri autori: Potůček, Martin
Natura: Libro
Lingua:inglese
Pubblicazione: Bratislava NISPAcee 2003
Soggetti:
Tags: Aggiungi Tag
Nessun Tag, puoi essere il primo ad aggiungerne!!

MARC

LEADER 00000nam$a2200000$$$4500
001 0024666
005 20230220124521.8
020 |a 80-89013-13-9 
041 0 |a eng 
044 |a SK 
245 1 0 |a Public policy in central and eastern Europe  |b theories, methods, practices  |c Editors: Martin Potůček ... [et al.] 
264 1 |a Bratislava  |b NISPAcee  |c 2003 
300 |a 340 s. 
610 2 0 |a politika verejná 
610 2 0 |a teórie ekonomické 
610 2 0 |a politika 
610 2 0 |a vláda 
610 2 0 |a trh 
610 2 0 |a inštitúcia 
610 2 0 |a správa verejná 
610 2 0 |a etika 
610 2 0 |a rozpočty 
610 2 0 |a politika sociálna 
610 2 0 |a vzdelanie 
610 2 0 |a starostlivosť zdravotná 
610 2 0 |a metódy sociologické 
610 2 0 |a stredná Európa 
610 2 0 |a východná Európa 
700 1 |a Potůček, Martin